000 00795nam a22002531c 4500
001 a987675768
008 160224s2010 gw |||| 000u rus d
020 _a9785824312812
_9978-5-8243-1281-2
041 _arus
100 1 _aPekkarinen, Jussi
240 1 0 _aEi armoa Suomen selkänahasta : Ihmisluovutukset Neuvostoliittoon ; 1944-1981
245 0 0 _aPoščady ne budet :
_bperedača voennoplennych i bežencev iz Finljandii v SSSR ; 1944-1981 /
_cPekkarinen, Ju., Pach'onen, Ju
264 _aMoskva :
_bROSSPEN,
_c2010
300 _a303 S.
650 0 _aKriegsgefangener
650 0 _aFlüchtling
650 0 _aRückkehr
651 0 _aFinnland
651 0 _aSowjetunion
700 1 _aPohjonen, Jucha
_eVerfasserIn
942 _cMG
040 _cRU-10907106
003 RU-10907106
999 _c24308
_d24308